| 000 | 00372nam a2200133 i 4500 | ||
|---|---|---|---|
| 001 | bg | ||
| 245 | 0 |
_aProjektowanie systemów informatycznych : _bpraca zbiorowa / _cpod red. Elżbiety Niedzielskiej. |
|
| 260 |
_aWarszawa, _c1977. |
||
| 700 | 1 |
_aNiedzielska, Elżbieta. _eRed. |
|
| 040 | _cBPK | ||
| 041 | _apol | ||
| 942 | _cKS | ||
| 008 | s pl f |000 0 pol | ||
| 999 |
_c27831 _d27831 |
||
| 856 |
_uhttp://koha.tu.koszalin.pl/cgi-bin/koha/opac-detail.pl?biblionumber=27831 _yKatalog online BPK |
||